000 00515nam a2200193Ia 4500
005 20250423101115.0
008 250422s9999 xx 000 0 und d
020 _a9780367136338
050 _aTK 6650 .O94/
100 _aOwens, Jim
245 0 _aTelevision production
250 _a17th ed.
260 _aNew York
260 _bRoutledge taylor & francis group
260 _c2020
300 _a430 p
650 _aTelevision--Equipment and supplies. Television--Production and direction.
942 _cBK
999 _c35305
_d35305